LEADER 01896cam--2200457---450- 001 990001356080203316 005 20110510093914.0 035 $a000135608 035 $aUSA01000135608 035 $a(ALEPH)000135608USA01 035 $a000135608 100 $a20040120e19711951km-y0itay50------ba 101 0 $afre 102 $aLI 105 $ay|||||||001yy 200 1 $aManuel bibliographique de la littérature française du Moyen Age$fRobert Bossuat$aManuel bibliographique de la littérature française du Moyen Age. Supplement (1949-1953)$fRobert Bossuat$gavec le concours de Jacques Monfrin 210 $aNendeln$cKraus Reprint$d1971 215 $aXXXIV, 638, 150 p.$d24 cm 225 2 $aBibliothèque Elzévirienne$hNouvelle série$iÉtudes et documents 300 $aRiproduzione facsimilare dell'edizione: Melun : Librairie D'Argences, 1951-1955 410 0$12001$aBibliothèque Elzévirienne$hNouvelle série$iÉtudes et documents 516 1 $aManuel bibliographique de la littérature française du Moyen Age et supplement 1949-53 606 0 $aLetteratura francese$zMedioevo$xBibliografie$2BNCF 676 $a016.8409001 700 1$aBOSSUAT,$bRobert$0131352 702 1$aMONFRIN,$bJacques 801 0$aIT$bsalbc$gISBD 912 $a990001356080203316 951 $aVI.4. Bibl. 5(016.8 BOS)$b67600 L.M.$cVI.4. Bibl.$d00296477 959 $aBK 969 $aUMA 979 $aSIAV4$b10$c20040120$lUSA01$h1202 979 $aSIAV4$b10$c20040210$lUSA01$h1800 979 $aSIAV4$b10$c20040210$lUSA01$h1805 979 $aPATRY$b90$c20040406$lUSA01$h1736 979 $aCOPAT2$b90$c20051118$lUSA01$h1304 979 $aCOPAT6$b90$c20070329$lUSA01$h1142 979 $aANNAMARIA$b90$c20110510$lUSA01$h0934 979 $aANNAMARIA$b90$c20110510$lUSA01$h0939 996 $aManuel bibliographique de la littérature française du Moyen age$9183544 997 $aUNISA LEADER 01789nam a2200325 i 4500 001 991000843539707536 005 20020507102211.0 008 970422s1996 it ||| | eng 035 $ab10137439-39ule_inst 035 $aLE00637813$9ExL 040 $aDip.to Fisica$bita 041 0 $aengita 084 $a53.9 111 2 $aConvegno Internazionale sui carburanti alternativi e biocombustibili : produzione e utilizzazione$0461304 245 12$aI carburanti alternativi e biocombustibili :$bproduzione e utilizzazione :$batti del convegno (Lecce, 20 -21 giugno 1996) /$ca cura della Facoltà di Ingegneria dell'Università di Lecce ; con il patrocinio dell'Associazione Termotecnica Italiana 260 $aLecce :$bConte,$c1996 300 $a142 p. ;$c29 cm 490 0 $aConvegno Internazionale sui carburanti alternativi e biocombustibili : produzione e utilizzazione ;$v1 710 2 $aUniversità degli Studi :$bFacoltà di Ingegneria 710 2 $aAssociazione Termotecnica Italiana 907 $a.b10137439$b17-02-17$c27-06-02 912 $a991000843539707536 945 $aLE006 53.9 CAR$g1$i2006000067263$lle006$o-$pE0.00$q-$rl$s- $t0$u0$v0$w0$x0$y.i10162306$z27-06-02 945 $aLE006 53.9 CAR$g2$i2006000067270$lle006$o-$pE0.00$q-$rl$s- $t0$u0$v0$w0$x0$y.i10162318$z27-06-02 945 $aLE006 53.9 CAR$g3$i2006000067287$lle006$o-$pE0.00$q-$rl$s- $t0$u0$v0$w0$x0$y.i1016232x$z27-06-02 945 $aLE006 53.9 CAR$g4$i2006000067294$lle006$o-$pE0.00$q-$rl$s- $t0$u0$v0$w0$x0$y.i10162331$z27-06-02 945 $aLE006 53.9 CAR$g5$i2006000067300$lle006$o-$pE0.00$q-$rl$s- $t0$u0$v0$w0$x0$y.i10162343$z27-06-02 996 $aCarburanti alternativi e biocombustibili$9185653 997 $aUNISALENTO 998 $ale006$b01-01-97$cm$da $e-$feng$git $h2$i5